[Event "45th Olympiad 2024"]
[Site "Budapest HUN"]
[Date "2024.09.22"]
[Round "11.35"]
[Board "1"]
[White "Giron, Jorge Ernesto"]
[Black "Maksimovic, Bojan"]
[Result "1/2-1/2"]
[WhiteElo "2276"]
[BlackElo "2503"]
[PlyCount "134"]
[EventDate "2024.09.11"]
[WhiteTeam "El Salvador"]
[BlackTeam "Bosnia & Herzegovina"]
[WhiteTeamCountry "ESA"]
[BlackTeamCountry "BIH"]

1. d4 Nf6 2. c4 g6 3. g3 Bg7 4. Bg2 O-O 5. Nc3 d6 6. Nf3 Nbd7 7. O-O e5 8. e4 Re8 9. h3 b6 10. dxe5 ({RR} 10. Re1 exd4 11. Nxd4 Bb7 12. Nc2 Nc5 13. f3 Nfd7 14. Nd5 Ne5 15. Bf1 c6 16. Nc3 d5 17. cxd5 cxd5 18. exd5 Ned7 19. Be3 Nf6 20. Nb4 a5 21. Nc6 Qd7 22. Kg2 Nxd5 23. Qxd5 Qxc6 24. Qxc6 Bxc6 {1-0 Firouzja,A (2751)-Praggnanandhaa,R (2749) Saint Louis Blitz 2024 (13.4)}) ({RR} 10. Re1 Rb8 11. b3 exd4 12. Nxd4 Bb7 13. Bb2 Nc5 14. Qc2 Ne6 15. Nxe6 Rxe6 16. Nd5 c6 17. Nf4 Re8 18. Rad1 Qc7 19. Bc3 Re7 20. Qb2 Ne8 21. h4 Bxc3 22. Qxc3 h6 23. Bf3 Rd8 24. h5 g5 {0-1 Kacharava,N (2522)-Maksimovic,B (2499) Titled Tue 20th Aug Early 2024 (7)}) 10... dxe5 11. Be3 c6 12. b4 Bb7 $146 ({RR} 12... Qc7 13. Qc2 Nf8 14. Rfd1 Ne6 15. Rab1 Bf8 16. Qb2 Bb7 17. Rbc1 Rac8 18. Nd5 cxd5 19. cxd5 Qd6 20. Nxe5 Ng7 21. Rxc8 Bxc8 22. Bd4 b5 23. a3 Nxe4 24. Bxe4 f6 25. f4 fxe5 26. fxe5 Qd8 27. e6 {0-1 Mamedov,E (2443)-Puranik,A (2649) 30th Abu Dhabi Masters 2024 (9.14)}) 13. Qb3 Qe7 14. Rfd1 a5 15. a3 Bf8 16. Rab1 axb4 17. axb4 Ba6 18. Bf1 h6 19. g4 Red8 20. Be2 Rdb8 21. Kh2 Bc8 22. Qc2 Qe6 23. Qc1 g5 24. Nd2 Nh7 25. Nf1 Ndf6 26. Ng3 Qe8 27. Nf5 Bxf5 28. gxf5 Kh8 29. h4 gxh4 30. Rg1 Rd8 31. Bxb6 Rd4 32. Qe3 Qb8 33. Bc5 Bxc5 34. bxc5 Qf8 35. Rb7 Rd7 36. Rb6 Rc8 37. f4 Re7 38. Kh1 Nd7 39. Rb2 Rce8 40. Bf3 exf4 41. Qxf4 Ng5 42. Rh2 f6 43. Rxh4 Ne5 44. Bh5 Rd8 45. Ne2 Nd3 46. Qe3 Nxe4 47. Nf4 Nxf4 48. Qxf4 Ng5 49. Bf3 Rd3 50. Rf1 Kg7 51. Bxc6 Qc8 52. Bg2 Qxc5 53. Qg4 Re5 54. Qh5 Nf7 55. Qg6+ Kf8 56. Rg4 Ke7 57. Qh7 Rd4 58. Rxd4 Qxd4 59. Bd5 Qh4+ 60. Kg1 Qg5+ 61. Kh1 Qh5+ 62. Kg1 Qg4+ 63. Kh1 Rxd5 64. cxd5 Qh3+ 65. Kg1 Qg3+ 66. Kh1 Qh3+ 67. Kg1 Qg3+ 1/2-1/2

[Event "45th Olympiad 2024"]
[Site "Budapest HUN"]
[Date "2024.09.22"]
[Round "11.35"]
[Board "2"]
[White "Burovic, Rijad"]
[Black "Chavez, Ricardo Ernesto"]
[Result "1-0"]
[WhiteElo "2426"]
[BlackElo "2185"]
[PlyCount "65"]
[EventDate "2024.09.11"]
[WhiteTeam "Bosnia & Herzegovina"]
[BlackTeam "El Salvador"]
[WhiteTeamCountry "BIH"]
[BlackTeamCountry "ESA"]

1. e4 c5 2. Nf3 e6 3. d4 cxd4 4. Nxd4 a6 5. c4 Nf6 6. Nc3 Bb4 7. Qd3 O-O 8. e5 Ne8 9. Bf4 d6 10. exd6 Nxd6 ({RR} 10... Bxd6 11. Bxd6 Qxd6 12. O-O-O Qc7 13. Qg3 Nd7 14. Qxc7 Nxc7 15. Be2 Nf6 16. f4 Bd7 17. Bf3 Rab8 18. b4 Rfc8 19. Kb2 a5 20. a3 h5 21. Rhe1 axb4 22. axb4 g6 23. Kb3 Be8 24. Ra1 Rd8 25. Red1 {½-½ Dominguez Perez,L (2758)-Caruana,F (2806) Saint Louis Blitz 2021 (3)}) ({RR} 10... Bxd6 11. Bxd6 Qxd6 12. O-O-O Bd7 13. Be2 Nf6 14. Bf3 Qf4+ 15. Qe3 Qxe3+ 16. fxe3 Ra7 17. b4 b6 18. Nb3 Nc6 19. Rxd7 Nxd7 20. Bxc6 Ne5 21. b5 Nxc4 22. bxa6 Rc7 23. Bf3 Ne5 24. Kb2 Nd3+ 25. Kc2 {½-½ Klys,K (1937)-Jaroszewicz,D (1768) Wroclaw Open B 2024 (7.27)}) 11. O-O-O Qf6 12. Qg3 $146 ({RR} 12. Bxd6 Bxd6 13. Ne4 Qh6+ 14. Kb1 Be7 15. Qg3 Nd7 16. Bd3 Nc5 17. Nxc5 Bxc5 18. Nf3 b5 19. Ng5 f5 20. h4 Qf6 21. Rhe1 h6 22. Nh3 f4 23. Qf3 Rb8 24. Qe4 bxc4 25. Qh7+ Kf7 {0-1 Ivic,V (2581)-Quparadze,G (2463) Titled Tuesday intern op 01st Dec blitz 2020 (8)}) 12... Nc6 13. Nxc6 Nf5 14. Ne4 Nxg3 15. Nxf6+ gxf6 16. Nxb4 Nxh1 17. Be3 a5 18. Nc2 e5 19. Be2 Be6 20. Rxh1 Rfc8 21. b3 b5 22. cxb5 a4 23. Kb2 axb3 24. axb3 f5 25. b6 Rab8 26. Ba6 Rc6 27. Nb4 Rd6 28. g3 f6 29. Rc1 f4 30. gxf4 exf4 31. Bc5 Rdxb6 32. Bxb6 Rxb6 33. Kc3 1-0

[Event "45th Olympiad 2024"]
[Site "Budapest HUN"]
[Date "2024.09.22"]
[Round "11.35"]
[Board "3"]
[White "Morales Carlos"]
[Black "Culum, Sanjin"]
[Result "0-1"]
[WhiteElo "2131"]
[BlackElo "2409"]
[PlyCount "58"]
[EventDate "2024.09.11"]
[WhiteTeam "El Salvador"]
[BlackTeam "Bosnia & Herzegovina"]
[WhiteTeamCountry "ESA"]
[BlackTeamCountry "BIH"]

1. e4 c5 2. Nf3 d6 3. d4 cxd4 4. Nxd4 Nf6 5. Nc3 a6 6. Bg5 e6 7. f4 Be7 8. Qf3 Qc7 9. O-O-O Nbd7 10. Be2 b5 11. Bxf6 Nxf6 12. e5 Bb7 13. Qg3 dxe5 14. fxe5 Nd7 ({RR} 14... Ne4 15. Nxe4 Bxe4 16. Bf3 Bxf3 17. gxf3 g6 18. h4 O-O-O 19. f4 Rd5 20. Rd3 Rhd8 21. Rhd1 Bc5 22. Ne2 Rxd3 23. Rxd3 Rxd3 24. Qxd3 Qc6 25. a4 Bf2 26. Kb1 bxa4 27. Qa3 Bc5 28. Qd3 Bf2 29. Qa3 {½-½ Belov,V (2627)-Kovacevic,A (2543) EU-ch 10th Budva 2009 (5)}) 15. Qxg7 ({RR} 15. Bxb5 axb5 16. Ndxb5 Qb6 17. Qxg7 Qe3+ 18. Kb1 Qxe5 19. Qxe5 Nxe5 20. Nc7+ Kf8 21. Nxa8 Bxa8 22. Rhe1 f6 23. g3 Kf7 24. Ne4 Rb8 25. c3 Nc4 26. b3 f5 27. Nd2 Na3+ 28. Kb2 Bd5 29. Nb1 Nxb1 {½-½ Londono Lopez,D (2044)-Avila Rodriguez,J (2215) Pan American-ch U20 2022 (3)}) 15... Qxe5 16. Qg4 $146 ({RR} 16. Nxe6 fxe6 17. Bh5+ Qxh5 18. Qxh8+ Bf8 19. Qg8 Qg6 20. Qxg6+ hxg6 21. Rhe1 e5 22. Ne4 Ke7 23. g4 Bg7 24. g5 Rf8 25. Rd3 Bxe4 26. Rxe4 Nc5 {0-1 Luk,L (1925)-Dew,B (2153) Hong Kong-ch op 2017 (3)}) ({RR} 16. Nxe6 Bf6 17. Qh6 fxe6 18. Bh5+ Ke7 19. h4 Bg7 20. Qd2 Nf6 21. Rhe1 Qxh5 22. Qd6+ Kf7 23. Qxe6+ Kg6 24. g4 Qxh4 25. Qf5+ Kh6 26. Kb1 Rad8 27. Rc1 Rhe8 28. Rg1 Bc8 29. Qf4+ Qg5 30. Rh1+ Kg6 {0-1 Dudek,H-Maeder,K Niemeyer U21-06 Final B 1968 (7)}) ({RR} 16. Qxe5 Nxe5 17. Bh5 O-O-O 18. Rhe1 Ng6 19. Bf3 Bf6 20. Bxb7+ Kxb7 21. Nde2 Bg5+ 22. Kb1 Rxd1+ 23. Rxd1 Rd8 24. Rxd8 Bxd8 25. Ne4 Kc6 26. g4 f5 27. gxf5 exf5 28. Nf2 Bb6 29. Nd3 Be3 30. Ng3 f4 {0-1 Stochnialek,D (1439)-Raczynski,K (2074) POL-chT U19 2nd League 2016 (1.7)}) 16... Nf6 17. Qh4 Nd5 18. Qe1 Qg5+ 19. Kb1 Bb4 20. Bf3 Bxc3 21. Nxe6 fxe6 22. Qxe6+ Qe7 23. Qf5 Rf8 24. Bh5+ Kd8 25. Rxd5+ Kc7 26. Qd3 Bxd5 27. Qxc3+ Kb7 28. Re1 Qc7 29. Qb4 Rf4 0-1

[Event "45th Olympiad 2024"]
[Site "Budapest HUN"]
[Date "2024.09.22"]
[Round "11.35"]
[Board "4"]
[White "Marjanovic, Dejan"]
[Black "Guevara Ruiz, Marvin Andres"]
[Result "1-0"]
[WhiteElo "2365"]
[BlackElo "2003"]
[PlyCount "83"]
[EventDate "2024.09.11"]
[WhiteTeam "Bosnia & Herzegovina"]
[BlackTeam "El Salvador"]
[WhiteTeamCountry "BIH"]
[BlackTeamCountry "ESA"]

1. e4 c5 2. Nc3 Nc6 3. Bb5 Nd4 4. Nf3 e6 5. O-O a6 6. Bd3 d6 7. Nxd4 cxd4 8. Ne2 Qb6 9. c3 dxc3 10. Nxc3 ({RR} 10. bxc3 Nf6 11. Bc2 Bd7 12. d4 Be7 13. Bf4 Bc6 14. Ng3 Bb5 15. Re1 Qa5 16. a4 Bc4 17. Qf3 d5 18. e5 Nd7 19. Bd2 Rf8 20. Qh5 h6 21. f4 O-O-O 22. f5 Qb6 23. Rab1 Qc6 24. Qg4 Rg8 {0-1 Magyar,A (2242)-Meszaros-Csonka,D (2014) TCh-HUN 2023-24 (9.10)}) 10... Ne7 $146 ({RR} 10... Be7 11. Bc2 Qc7 12. d4 b5 13. Bf4 Bb7 14. Rc1 Rc8 15. d5 e5 16. Be3 Nf6 17. a4 b4 18. Na2 a5 19. Bd3 Qd8 20. Bb5+ Kf8 21. f3 Nd7 22. Qd2 Nc5 23. Rfd1 Nb3 24. Rxc8 Qxc8 25. Qd3 {1-0 Fantinel,T (2378)-Briem,B (2062) Reykjavik Kvika op 2022 (1)}) 11. Bc2 Nc6 12. Ba4 Bd7 13. d4 Be7 14. d5 Ne5 15. Bb3 O-O 16. Be3 Qc7 17. dxe6 fxe6 18. Rc1 Nc6 19. f4 Rae8 20. Na4 Kh8 21. Nb6 Bf6 22. Qd2 Bc8 23. Rfd1 Rd8 24. Kh1 Rfe8 25. h3 Qb8 26. Qe2 d5 27. e5 Be7 28. Bc2 g6 29. Qg4 Rg8 30. h4 Rg7 31. g3 h5 32. Qe2 Rdg8 33. Ba4 Qc7 34. Qc2 d4 35. Bxd4 Rd8 36. Bf2 Bb4 37. a3 Ba5 38. Rxd8+ Qxd8 39. Nxc8 Qxc8 40. b4 Bd8 41. Bxc6 Kh7 42. Be8 1-0

[Event "45th Olympiad 2024"]
[Site "Budapest HUN"]
[Date "2024.09.22"]
[Round "11.36"]
[Board "1"]
[White "Mandizha, Farai"]
[Black "Gascon Del Nogal, Jose Rafael"]
[Result "1-0"]
[WhiteElo "2371"]
[BlackElo "2454"]
[PlyCount "115"]
[EventDate "2024.09.11"]
[WhiteTeam "Zimbabwe"]
[BlackTeam "Venezuela"]
[WhiteTeamCountry "ZIM"]
[BlackTeamCountry "VEN"]

1. d4 Nf6 2. c4 c5 3. dxc5 e6 4. Nc3 Bxc5 5. Nf3 O-O 6. a3 b6 7. Bg5 Bb7 8. e3 Be7 9. Qc2 $146 ({RR} 9. Be2 h6 10. Bh4 Na6 11. O-O Nc5 12. Rc1 Nfe4 13. Bxe7 Qxe7 14. Nxe4 Nxe4 15. Nd4 Rfd8 16. Bf3 d6 17. Qc2 Ng5 18. Bxb7 Qxb7 19. Rfd1 Rac8 20. Qe2 Ne4 21. h3 a6 {½-½ Zagorskis,D (2520)-Kengis,E (2560) Bonn GSK 1996}) ({RR} 9. Be2 d6 10. O-O Nbd7 11. Bf4 Nc5 12. Rc1 a5 13. b4 axb4 14. axb4 Na6 15. Rb1 d5 16. b5 Nc5 17. Nd4 Nfe4 18. Nxe4 Nxe4 19. Qc2 Qd7 20. f3 Nc5 21. Rfd1 Bf6 22. Bg3 Rfc8 23. Nc6 Bxc6 {0-1 Johannessen,S (2269)-Lobzhanidze,D (2501) Nordic-ch Bergen 2001 (3)}) 9... Na6 10. Rd1 Nc5 11. Rd4 h6 12. Bh4 a5 13. Be2 a4 14. O-O Ne8 15. Bg3 d6 16. Rdd1 Nf6 17. Nd4 Nfe4 18. Bf3 Nxc3 19. Qxc3 Bxf3 20. gxf3 Qc8 21. Rd2 e5 22. Nb5 Qc6 23. Rd5 Ne6 24. f4 f6 25. Qd3 Nc7 26. Nxd6 Nxd5 27. Nf5 Bc5 28. cxd5 Qd7 29. d6 Rae8 30. Rd1 e4 31. Qd5+ Kh7 32. Ne7 f5 33. Bh4 Ra8 34. Nc6 g5 35. fxg5 Qg7 36. d7 hxg5 37. Bg3 f4 38. d8=Q Raxd8 39. Nxd8 fxg3 40. Ne6 gxf2+ 41. Kf1 Qg6 42. Qxc5 Re8 43. Nf8+ Kh6 44. Nxg6 bxc5 45. Rd6 Kg7 46. Rb6 c4 47. Kxf2 c3 48. bxc3 Rc8 49. Ne7 Rxc3 50. Nf5+ Kf8 51. Rf6+ Ke8 52. Ra6 Rxa3 53. Nd6+ Kd7 54. Nxe4 Kc7 55. Kf3 Kb8 56. Nc5 Ra2 57. Rxa4 Rxh2 58. Rg4 1-0

[Event "45th Olympiad 2024"]
[Site "Budapest HUN"]
[Date "2024.09.22"]
[Round "11.36"]
[Board "2"]
[White "Ynojosa Aponte, Felix Jose"]
[Black "Makoto, Rodwell"]
[Result "1/2-1/2"]
[WhiteElo "2398"]
[BlackElo "2311"]
[PlyCount "141"]
[EventDate "2024.09.11"]
[WhiteTeam "Venezuela"]
[BlackTeam "Zimbabwe"]
[WhiteTeamCountry "VEN"]
[BlackTeamCountry "ZIM"]

1. c4 Nf6 2. Nc3 g6 3. d4 Bg7 4. e4 d6 5. Nf3 O-O 6. Be2 e5 7. dxe5 dxe5 8. O-O Nbd7 9. Qc2 c6 10. Rd1 Qe7 11. Rb1 ({RR} 11. b3 Re8 12. a4 a5 13. Ba3 Nc5 14. Ne1 h5 15. Nd3 Nfd7 16. Nb1 Bf8 17. Nd2 Qf6 18. Bb2 Nxd3 19. Bxd3 Nc5 20. Nf3 Bg4 21. Be2 Bxf3 22. Bxf3 Ne6 23. Qc3 Nf4 24. g3 Bb4 25. Qe3 Ne6 {½-½ Ezat,M (2454)-Movsesian,S (2700) WchT 9th Antalya 2013 (2.1)}) ({RR} 11. a3 a5 12. h3 Nc5 13. Be3 a4 14. Bxc5 Qxc5 15. Nxa4 Rxa4 16. Qxa4 Nxe4 17. Rf1 Ng3 18. Bd3 e4 19. b4 Qh5 20. fxg3 exf3 21. Ra2 Bd4+ 22. Kh1 fxg2+ 23. Rxg2 Qxh3+ 24. Rh2 Qxg3 25. Qd1 Be5 {0-1 Ynojosa Aponte,F (2390)-Paul,J (2218) Charlotte CCCSA Spring IM 2018 (4)}) 11... Nc5 ({RR} 11... a5 12. a3 Nh5 13. b4 axb4 14. axb4 Nf4 15. Bf1 Nf6 16. Be3 Bg4 17. Bc5 Qe6 18. Ng5 Qc8 19. f3 Bd7 20. g3 N4h5 21. Bxf8 Bxf8 22. g4 Nf4 23. Nh3 Ne6 24. c5 Nd4 25. Qf2 Ra3 26. Rd3 {1-0 Araujo Filho,L (2077)-Teterev,V (2257) Titled Tue 26th Mar Early 2024 (1)}) 12. Be3 Nh5 $146 ({RR} 12... Ng4 13. Bxc5 Qxc5 14. Bf1 Bh6 15. b4 Qe7 16. h3 Nf6 17. c5 Nh5 18. Rd6 Nf4 19. Rbd1 Bg7 20. b5 cxb5 21. Nxb5 Ne6 22. Qc4 Nc7 23. Nc3 Be6 24. Qb4 Rfd8 25. Bc4 Ne8 26. R6d2 Bxc4 27. Qxc4 {1-0 Gabancho,L-Rubinetti,J (2430) Buenos Aires Banco de la Ciudad 1978}) 13. b4 Ne6 14. c5 Nhf4 15. Bf1 Ng5 16. Nxg5 Qxg5 17. Kh1 Qe7 18. Rd6 Ne6 19. Bc4 Nd4 20. Qd2 Be6 21. Bg5 Qc7 22. Qd3 Rfe8 23. Bxe6 Nxe6 24. Bh4 Bf8 25. Bf6 Nf4 26. Rd7 Nxd3 27. Rxc7 Re6 28. Bh4 b6 29. Rd7 Nf4 30. cxb6 axb6 31. a4 Rd6 32. Rxd6 Bxd6 33. f3 Kg7 34. Kg1 Bf8 35. Bf2 Nd3 36. b5 cxb5 37. axb5 Ra3 38. Nd5 Nxf2 39. Kxf2 Bc5+ 40. Kg3 f5 41. exf5 gxf5 42. Rd1 Kf7 43. Kh4 e4 44. fxe4 fxe4 45. Kg4 Ra2 46. Nc3 Rxg2+ 47. Kh3 Rb2 48. Nxe4 Rxb5 49. Nd6+ Bxd6 50. Rxd6 h5 51. Kg3 Ke7 52. Rh6 Kd7 53. Kf4 Kc7 54. h4 Rc5 55. Ke3 Kb7 56. Kd4 Ka6 57. Kd3 Rd5+ 58. Kc3 Rf5 59. Rh8 Kb5 60. Kb3 Kc5 61. Kc3 b5 62. Rh7 Kd5 63. Kd3 Kc5 64. Kc3 Kd6 65. Kd3 Rd5+ 66. Kc3 Kc5 67. Rc7+ Kb6 68. Rh7 Rc5+ 69. Kb3 Rf5 70. Rh8 Kc5 71. Kc3 1/2-1/2

[Event "45th Olympiad 2024"]
[Site "Budapest HUN"]
[Date "2024.09.22"]
[Round "11.36"]
[Board "3"]
[White "Mushore, Emarald Takudzwa"]
[Black "Escalona Landi, Samid Eduardo"]
[Result "1-0"]
[WhiteElo "2150"]
[BlackElo "2305"]
[PlyCount "65"]
[EventDate "2024.09.11"]
[WhiteTeam "Zimbabwe"]
[BlackTeam "Venezuela"]
[WhiteTeamCountry "ZIM"]
[BlackTeamCountry "VEN"]

1. e4 c5 2. Nf3 d6 3. d4 cxd4 4. Nxd4 Nf6 5. Nc3 Nc6 6. Bg5 e6 7. Qd2 a6 8. O-O-O Bd7 9. Kb1 Nxd4 10. Qxd4 Be7 11. f4 h6 ({RR} 11... Bc6 12. f5 Qa5 13. Bc4 exf5 14. Rhf1 fxe4 15. Nxe4 Bxe4 16. Bxf6 Bxf6 17. Qxe4+ Qe5 18. Qxb7 O-O 19. Bxf7+ Kh8 20. Rfe1 Ra7 21. Qb3 Qxb2+ 22. Qxb2 Bxb2 23. Kxb2 Raxf7 24. Rxd6 Rf2 25. Rxa6 Rxg2 26. h3 {½-½ Giri,A (2780)-Abdusattorov,N (2734) WR Chess Masters 2023 (8.5)}) 12. Bh4 Bc6 13. Be2 O-O 14. Bf2 $146 ({RR} 14. Bf3 Nxe4 15. Bxe4 Bxh4 16. Bxc6 bxc6 17. Qxd6 Qa5 18. g3 Rfd8 19. Qxc6 Bf6 20. Ne4 Be7 21. Rxd8+ Rxd8 22. Nc3 Bf6 23. Ne4 Be7 24. Nc3 Rb8 25. b3 Rd8 26. Rd1 Rxd1+ 27. Nxd1 Qd2 28. Qa8+ Bf8 {0-1 Durarbayli,V (2627)-Oparin,G (2671) American Cup Blitz 2024 (6.1)}) 14... Qa5 15. Bf3 Nd7 16. Qd2 Qc7 17. Rhe1 b5 18. Nd5 exd5 19. exd5 Bxd5 20. Qxd5 Rac8 21. Rd2 Nc5 22. Bd4 Qd8 23. Qf5 g6 24. Qh3 Kh7 25. g4 g5 26. Qh5 Bf6 27. fxg5 Bxg5 28. Bd5 Qd7 29. Rdd1 f6 30. h4 Bf4 31. b4 Na4 32. Be6 Qc7 33. Qf5+ 1-0

[Event "45th Olympiad 2024"]
[Site "Budapest HUN"]
[Date "2024.09.22"]
[Round "11.36"]
[Board "4"]
[White "Castro Torres, Jose Luis"]
[Black "Mapuranga, Vitalis"]
[Result "1-0"]
[WhiteElo "2299"]
[BlackElo "2013"]
[PlyCount "121"]
[EventDate "2024.09.11"]
[WhiteTeam "Venezuela"]
[BlackTeam "Zimbabwe"]
[WhiteTeamCountry "VEN"]
[BlackTeamCountry "ZIM"]

1. e4 d6 2. d4 Nf6 3. Nc3 g6 4. Be3 a6 5. f3 b5 6. Qd2 Bb7 ({RR} 6... Nbd7 7. h4 Nb6 8. Nh3 Bb7 9. a4 b4 10. Na2 a5 11. c3 bxc3 12. Nxc3 h6 13. Rc1 Bg7 14. d5 Nfd7 15. Nb5 Nc5 16. Bxc5 dxc5 17. Rxc5 O-O 18. b3 Rc8 19. h5 g5 20. Nxg5 hxg5 21. h6 {½-½ Serrahima Susany,R (2029)-Marzo Pie,X (2048) TCh-CAT GpA Final 2024 (2.9)}) 7. a4 b4 8. Na2 $146 ({RR} 8. Nd1 a5 9. c3 Na6 10. Bd3 Bg7 11. Ne2 O-O 12. Bh6 e5 13. Bxg7 Kxg7 14. O-O Re8 15. Nf2 Qe7 16. Rae1 Rad8 17. d5 bxc3 18. Nxc3 Nb4 19. Bb5 c6 20. dxc6 Bxc6 21. Nd3 Bxb5 22. Nxb5 d5 {0-1 Fressinet,L (2702)-Nepomniachtchi,I (2705) Wch Blitz 9th 2015 (15)}) ({RR} 8. Nd1 a5 9. c3 Na6 10. Bd3 Bg7 11. Bh6 Bxh6 12. Qxh6 e5 13. Ne2 Qe7 14. O-O c5 15. Bb5+ Nd7 16. dxe5 O-O-O 17. exd6 Qxd6 18. Ne3 Ne5 19. Rad1 Qe7 20. f4 Nc6 21. Ng3 c4 22. Qg5 f6 {1-0 Cheparinov,I (2677)-Yanev,T (2397) Varna op 6th 2012 (7)}) ({RR} 8. Nd1 a5 9. c3 bxc3 10. bxc3 Nbd7 11. Bd3 e5 12. d5 Bg7 13. Ne2 O-O 14. c4 Nh5 15. Rb1 Ba6 16. O-O f5 17. Ndc3 f4 18. Bf2 g5 19. Nb5 Nc5 20. Bxc5 dxc5 21. Qxa5 Rf7 22. d6 Bxb5 {1-0 Pap,M (2482)-Popovic,A (2266) Belgrade-ch sf 2017 (2)}) 8... a5 9. c3 bxc3 10. Nxc3 h5 11. Nh3 Bg7 12. Nf4 Nfd7 13. Rc1 Na6 14. Bc4 e5 15. Nfe2 exd4 16. Bxd4 Ne5 17. Bxa6 Bxa6 18. Nb5 Bxb5 19. axb5 O-O 20. Qc3 Bh6 21. Rc2 Rb8 22. f4 Nd7 23. Qxc7 Rxb5 24. Qxd6 Re8 25. Rc7 Nf8 26. Qxd8 Rxd8 27. Bf6 Re8 28. O-O Rxe4 29. Nc3 Re6 30. Nxb5 Rxf6 31. g3 Rb6 32. Rc5 Ne6 33. Rd5 Bf8 34. Rc1 h4 35. Rc8 Kg7 36. Kg2 hxg3 37. hxg3 Rb7 38. b3 Be7 39. Kh3 Bf8 40. Kg4 Be7 41. Kh3 Bf8 42. Kg2 Be7 43. Kf2 Bf8 44. Ke3 Be7 45. Kd2 g5 46. f5 Nf8 47. Rc7 Bb4+ 48. Kc2 Rb6 49. Nd4 Rh6 50. Nf3 g4 51. Ne5 Rh2+ 52. Kd1 Rh1+ 53. Ke2 Re1+ 54. Kf2 Rb1 55. Rxf7+ Kg8 56. f6 Ne6 57. Rb7 Rxb3 58. Rb8+ Nf8 59. Ke2 Kh7 60. Rb7+ Kh8 61. Rg7 1-0

[Event "45th Olympiad 2024"]
[Site "Budapest HUN"]
[Date "2024.09.22"]
[Round "11.37"]
[Board "1"]
[White "Kjartansson, Gudmundur"]
[Black "Barbaria, Yacine"]
[Result "1-0"]
[WhiteElo "2478"]
[BlackElo "2179"]
[PlyCount "91"]
[EventDate "2024.09.11"]
[WhiteTeam "Iceland"]
[BlackTeam "Tunisia"]
[WhiteTeamCountry "ISL"]
[BlackTeamCountry "TUN"]

1. c4 c6 2. Nf3 d5 3. g3 Nf6 4. Bg2 Bf5 5. Qb3 Qb6 6. d3 e6 7. Be3 dxc4 ({RR} 7... Qxb3 8. axb3 a6 9. Nc3 h6 10. cxd5 exd5 11. Nd4 Bh7 12. Nc2 Nbd7 13. b4 Rc8 14. Na4 Bd6 15. Nc5 Rc7 16. Bh3 O-O 17. Kd2 Re8 18. Bd4 Nf8 19. f4 Ne6 20. Nxe6 fxe6 21. Bc5 Bxc5 22. bxc5 {1-0 Wang,Y (2716)-Lu,S (2595) Danzhou 6th 2015 (1)}) 8. dxc4 Qxb3 9. axb3 Bb4+ $146 ({RR} 9... Nbd7 10. Nbd2 Ng4 11. Bd4 e5 12. Bc3 f6 13. b4 Be6 14. O-O Nh6 15. Ra5 Nb6 16. b3 a6 17. Ne4 Be7 18. Nc5 Bc8 19. Ne1 Nd7 20. Ncd3 Nf5 21. Nc2 O-O 22. e4 Nd6 23. Ne3 Re8 24. Ra2 {½-½ Mednis,E (2470)-Blees,A (2360) OHRA-B Amsterdam 1986 (1)}) ({RR} 9... a6 10. Nc3 Nbd7 11. O-O Be7 12. h3 O-O 13. g4 Bg6 14. Nd2 Rad8 15. f4 h6 16. Kf2 Bb4 17. Nde4 Nxe4+ 18. Nxe4 f5 19. gxf5 Bxf5 20. Rad1 e5 21. Kg3 Rde8 22. fxe5 Nxe5 23. Bc5 Bxc5 24. Nxc5 {½-½ Alfaro Rojas,A (2301)-Ubach Miralda,M (2230) TCh-CAT Gp1 2024 (5.4)}) ({RR} 9... Bxb1 10. Rxb1 Bb4+ 11. Bd2 Na6 12. Ne5 Rd8 13. Nd3 Bxd2+ 14. Kxd2 e5 15. Kc3 e4 16. Ne1 Ng4 17. Nc2 Nxf2 18. Rhf1 Ng4 19. Rf4 Nf6 20. Bxe4 Nc5 21. Bd3 O-O 22. b4 Ne6 23. Rf5 b6 24. b3 {1-0 Kunte,A (2493)-Sengupta,D (2594) IND-ch Challengers 53rd 2015 (9)}) ({RR} 9... Nbd7 10. Nbd2 Bc5 11. Bxc5 Nxc5 12. Nh4 Be4 13. Nxe4 Ncxe4 14. O-O Nd2 15. Rfd1 O-O-O 16. Re1 a6 17. Ra3 g5 18. Nf3 Nxf3+ 19. Bxf3 g4 20. Bg2 Rd2 21. Ra2 Rhd8 22. e4 Nd7 23. Ra5 Rxb2 24. Rg5 {0-1 Siddharth,J (2132)-Jogstad,M (2267) Stockholm Challenge 2019 (5)}) 10. Bd2 Be7 11. Bc3 O-O 12. Nd4 Be4 13. f3 Bg6 14. e4 Rd8 15. Ke2 Na6 16. Nxc6 Re8 17. Nxe7+ Rxe7 18. Rd1 Rd7 19. Na3 Nc5 20. b4 Nb3 21. Rxd7 Nxd7 22. Rd1 Nf8 23. Ke3 f6 24. Rd3 a5 25. bxa5 Nxa5 26. Bxa5 Rxa5 27. Rd8 Bf7 28. Rb8 Ra7 29. Kd4 g5 30. Kc3 h5 31. f4 e5 32. f5 g4 33. c5 Kg7 34. Nb5 Ra1 35. Rxb7 Rc1+ 36. Kd3 Kg8 37. Nd6 Ba2 38. b4 h4 39. gxh4 Bb1+ 40. Ke3 Rc3+ 41. Kf2 Bd3 42. Rc7 Rb3 43. c6 Rb2+ 44. Ke3 Rxg2 45. Kxd3 Rxh2 46. Ne8 1-0

[Event "45th Olympiad 2024"]
[Site "Budapest HUN"]
[Date "2024.09.22"]
[Round "11.37"]
[Board "2"]
[White "Ben Ammar, Mohamed"]
[Black "Stefansson, Hannes"]
[Result "0-1"]
[WhiteElo "2143"]
[BlackElo "2471"]
[PlyCount "162"]
[EventDate "2024.09.11"]
[WhiteTeam "Tunisia"]
[BlackTeam "Iceland"]
[WhiteTeamCountry "TUN"]
[BlackTeamCountry "ISL"]

1. d4 Nf6 2. Nf3 b6 3. Nbd2 Bb7 4. e3 c5 5. c3 g6 6. Bd3 Bg7 7. e4 O-O 8. O-O d6 9. Re1 $146 ({RR} 9. Qe2 cxd4 10. cxd4 Nc6 11. a3 Nd7 12. Nb3 a5 13. a4 Nb4 14. Bb5 Nf6 15. d5 e6 16. dxe6 Nxe4 17. Ng5 Bd5 18. exf7+ Kh8 19. Nxe4 Bxb3 20. Bg5 Qc7 21. Rac1 Qxf7 22. Nxd6 Qe6 23. Qxe6 Bxe6 {½-½ Koltanowski,G-Alekhine,A Christmas Congress 1936/37-17 Premier (9)}) 9... e6 10. Nf1 Nc6 11. Ng3 Rc8 12. a3 Qc7 13. h3 Nd7 14. Bf1 Rfe8 15. Be3 a6 16. Rc1 b5 17. c4 bxc4 18. Bxc4 cxd4 19. Nxd4 Nde5 20. Bf1 Qb8 21. f4 Nd7 22. Nxc6 Rxc6 23. Rxc6 Bxc6 24. b4 Bb5 25. Bxb5 axb5 26. Qd3 Rc8 27. Ne2 Rc4 28. Rd1 Bf8 29. Nc3 Qb7 30. a4 Rxb4 31. axb5 Nb6 32. Rb1 Rxb1+ 33. Nxb1 d5 34. Nd2 Bb4 35. Qd4 Bxd2 36. Bxd2 Nd7 37. exd5 exd5 38. Bc3 f6 39. Qb4 Qc7 40. Bb2 Qb6+ 41. Kh2 Qe6 42. Ba3 g5 43. Qd6 Kf7 44. Qc7 gxf4 45. Qxf4 h5 46. Bd6 Qe2 47. Qf5 Qxb5 48. Qxh5+ Ke6 49. Bf4 Nf8 50. Qg4+ Kf7 51. Qh5+ Ke7 52. Qh8 Qb4 53. Qg7+ Ke6 54. Qg8+ Ke7 55. Qg7+ Ke6 56. Bg3 d4 57. Qg8+ Ke7 58. Qd5 Ne6 59. h4 Qc5 60. Qb7+ Ke8 61. Qb3 Qf5 62. Qa4+ Kf8 63. Qd7 d3 64. Bd6+ Kg8 65. Bg3 Ng7 66. Qd8+ Kf7 67. Qd4 Kg6 68. Kg1 Qb5 69. Qg4+ Kf7 70. Bf4 Qc5+ 71. Kh2 Qd4 72. h5 Qe4 73. Qd7+ Kg8 74. Qd8+ Ne8 75. Bg3 Kg7 76. Qd7+ Kh6 77. Qf7 d2 78. Kh3 Qf5+ 79. Kh4 Qg5+ 80. Kh3 Qxh5+ 81. Qxh5+ Kxh5 0-1